000 00593nam a2200205Ia 4500
001 13476
003 GE_BSU
008 181216s||||||||xx |||||||||||||| ||und||
020 _a9781846944635
040 _cGE_BSU
080 _a821.111(075.8)
100 _aBerman,Michael
245 _aOn Business and for Pleasure Again.A self study Workbook for Advanced Business English Studens.
260 _bWinchester
260 _c2011
300 _a144p.22cm.
653 _aA self study Workbook for Advanced Business Englis Studens
653 _aOn Business and for Pleasure Again.
942 _cBK
999 _c46636
_d46636